000 01161nam0a22002651 4500
001 rc\508484
005 20250621112540.0
035 _a(NLR Aleph) 005748753
090 _a4817007
_c4817007
100 _a20030616d1988 |||y0rusy50 ca
101 0 _arus
102 _aRU
105 _aa |||||||||
200 1 _aСОВРЕМЕННЫЕ зарубежные графопостроители
_f[Л.И. Манпиль, А.Г. Рыжевский]
210 _aМ.
_cИнформприбор
_d1988
215 _a67 с.
_cил.
_d22
225 1 _aПриборы, средства автоматизации и системы управления
_hТС-2
_iСредства вычислительной техники и оргтехники
_eОбзор. информ.
_fИнформприбор
_vВып. 3
300 _aВ надзаг. также: М-во приборостроения, средств автоматизации и систем упр. СССР
320 _aБиблиогр.: с. 66-67
702 1 _aМанпиль
_bЛ.И.
_4220
801 0 _aRU
_bNLR
_gpsbo
801 1 _aRU
_bELAR
_2rusmarc
852 _aNLR
_jП10/4176
942 _cBOOK
980 _aNB